Normal view
MARC view
Entry Topical Term
001 - CONTROL NUMBER
- control field: 17016
003 - CONTROL NUMBER IDENTIFIER
- control field: VITAP
005 - DATE AND TIME OF LATEST TRANSACTION
- control field: 20260209125302.0
008 - FIXED-LENGTH DATA ELEMENTS
- fixed length control field: 260209|| aca||babn | a|a d
040 ## - CATALOGING SOURCE
- Original cataloging agency: VITAP
150 ## - HEADING--TOPICAL TERM
- Topical term or geographic name entry element: Delivery of goods -- Management; Business logistics; Customer services -- Management; Physical distribution of goods -- Management; Customer services -- Management